Click the French Region on a Map - Statistics

General Stats
  • This quiz has been taken 249 times
  • The average score is 15 of 18
Answers on the Map
Answers color-coded by a green-red scale on the quiz's map according to % correct below.
 
Answer Stats
Answer % Correct
Corsica
94%
Centre-Val de Loire
90%
Normandy
90%
Provence-Alpes-Côte d'Azur
89%
Auvergne-Rhône-Alpes
88%
Brittany
88%
French Guyana
88%
Grand Est
88%
Île-de-France
88%
Occitania
83%
Hauts de France
82%
Nouvelle-Aquitaine
78%
Bourgogne-Franche-Comté
76%
Guadeloupe
71%
Réunion
71%
Martinique
68%
Pays de la Loire
67%
Mayotte
60%
No matching quizzes found
Score Distribution
Percent of People with Each Score
Percentile by Number Answered
Your Score History
You have not taken this quiz